• 首页
  • 本馆介绍
  • 公告通知
  • 最新文献
  • 馆藏检索
  • 电子资源
  • 读者导购
  • 参考咨询
  • 我的图书馆
  • 登录
  • 详细信息显示
  • 放入我的书架
  • 预约/预借图书
  • 作者相关作品
  • 分类相关作品
  • 丛书相关作品
  • 出版社相关作品

书目信息

  • 表格格式
  • 工作单格式
  • 卡片格式
题名:
黑木耳种植能手谈经
    
 
作者: 杜适普 , 闫红 , 周根红 主编 ;国家食用菌产业技术体系 , 河南省现代农业产业技术体系 组织编写
分册:  
出版信息: 郑州   中原农民出版社  2015
页数: 235页
开本: 26cm
丛书名: 新型职业农民书架丛书
单 册:
中图分类: S646.6
科图分类:
主题词: 木耳--Mu Er--栽培技术
电子资源:
ISBN: 978-7-5542-0724-6
000 01522nam 2200325 450
001 1674694605
005 20161914011939.0
010    @a978-7-5542-0724-6@dCNY39.00
100    @a20160128d2015 em y0chiy0120 ea
101 0  @achi
102    @aCN@b410000
105    @aak a 000yy
106    @ar
200 1  @a黑木耳种植能手谈经@AHei Mu Er Zhong Zhi Neng Shou Tan Jing@f国家食用菌产业技术体系郑州综合试验站, 河南省现代农业产业技术体系食用菌创新团队组织编写@g杜适普, 闫红, 周根红主编
210    @a郑州@c中原农民出版社@d2015
215    @a235页@c图@d26cm
225 2  @a新型职业农民书架丛书@AXin Xing Zhi Ye Nong Min Shu Jia Cong Shu@i食用菌种植能手谈经与专家点评系列
320    @a有书目 (第235页)
330    @a本书介绍黑木耳种植过程中的高产措施、操作技巧、管理技术等生产经验,从事食用菌科研与教学的专家杜适普对能手所谈之“经”的应用方法和范围进行点评,并介绍国内外先进技术。
333    @a新型职业农民
410  0 @12001 @a新型职业农民书架丛书@i食用菌种植能手谈经与专家点评系列
606 0  @a木耳@AMu Er@x栽培技术
690    @aS646.6@v5
701  0 @a杜适普@ADu Shi Pu@4主编
701  0 @a闫红@AYan Hong@4主编
701  0 @a周根红@AZhou Gen Hong@4主编
712 02 @a国家食用菌产业技术体系@AGuo Jia Shi Yong Jun Chan Ye Ji Shu Ti Xi@b郑州综合试验站@BZheng Zhou Zong He Shi Yan Zhan@4组织编写
712 02 @a河南省现代农业产业技术体系@AHe Nan Sheng Xian Dai Nong Ye Chan Ye Ji Shu Ti Xi@b食用菌创新团队@BShi Yong Jun Chuang Xin Tuan Dui@4组织编写
801  0 @aCN@b江苏新华@c20150511
905    @aBZT@dS646.6@e114
    
    黑木耳种植能手谈经/国家食用菌产业技术体系郑州综合试验站, 河南省现代农业产业技术体系食用菌创新团队组织编写/杜适普, 闫红, 周根红主编.-郑州:中原农民出版社,2015
    235页:图;26cm.-(新型职业农民书架丛书.食用菌种植能手谈经与专家点评系列)
    使用对象:新型职业农民
    
    ISBN 978-7-5542-0724-6:CNY39.00
    本书介绍黑木耳种植过程中的高产措施、操作技巧、管理技术等生产经验,从事食用菌科研与教学的专家杜适普对能手所谈之“经”的应用方法和范围进行点评,并介绍国内外先进技术。
●
相关链接 在五车中查询图书 在当当中查询图书 在豆瓣中查询图书


正题名:黑木耳种植能手谈经     索取号:S646.6/114         预约/预借

序号 登录号 条形码 馆藏地/架位号 状态 备注
1 800618   2000800618   第二书库/ [索取号:S646.6/114] 在馆    
2 800619   2000800619   第二书库/ [索取号:S646.6/114] 在馆    
3 800620   2000800620   第二书库/ [索取号:S646.6/114] 在馆    
山东省滨州职业学院图书馆 欢迎您!
大连网信软件有限公司© 版权所有